Analýza a meranie správania sa návštevníka v prostredí webovej aplikácie
Saved in:
| Main Author: | |
|---|---|
| Other Authors: | |
| Format: | Manuscript Book |
| Language: | Slovak |
| Published: |
2016
|
| Subjects: | |
| Online Access: | http://is.stuba.sk/zp/portal_zp.pl?podrobnosti=119339 |
| Tags: |
No Tags, Be the first to tag this record!
|
MARC
| LEADER | 00000ntm a22000003a 4500 | ||
|---|---|---|---|
| 001 | stuzp59028 | ||
| 003 | SK-STU | ||
| 005 | 20160719155736.7 | ||
| 007 | ta | ||
| 008 | 150427s2015----xo-----f-mn---000-0-slo-d | ||
| 040 | |a STU |b slo | ||
| 041 | 0 | |a slo | |
| 100 | 1 | |a Truchan, Peter |u 070200 |k Z4 |4 aut |U FIIT Fakulta informatiky a informačných technológií |T FIIT Ústav informatiky, informačných systémov a softvérového inžinierstva |X 46175 |U I200 |Y 179 |7 A000046175 | |
| 242 | 0 | 1 | |a Analysis and Measurement of User Behavior in a Web Application |y eng |
| 245 | 1 | 0 | |a Analýza a meranie správania sa návštevníka v prostredí webovej aplikácie |
| 260 | |c 2016 | ||
| 650 | 4 | |a internet banking |2 slo | |
| 650 | 4 | |a web |2 slo | |
| 650 | 4 | |a analyza |2 slo | |
| 650 | 4 | |a predpoved |2 slo | |
| 650 | 4 | |a banka |2 slo | |
| 650 | 4 | |a predikcia |2 slo | |
| 650 | 4 | |a spravanie sa pouzivatela |2 slo | |
| 650 | 4 | |a bank |2 eng | |
| 650 | 4 | |a prediction |2 eng | |
| 650 | 4 | |a user behavior |2 eng | |
| 650 | 4 | |a web application |2 eng | |
| 700 | 1 | |a Bieliková, Mária |u 070200 |k Z1 |4 ths |U FIIT Fakulta informatiky a informačných technológií |T FIIT Ústav informatiky, informačných systémov a softvérového inžinierstva |X 1871 |U I200 |Y 179 |7 A000001871 | |
| 856 | 4 | |u http://is.stuba.sk/zp/portal_zp.pl?podrobnosti=119339 | |
| 996 | |b 8302 |c I* DIP 126/2016 |l II680 |s P |a 0 |w stuzp59028_0001 | ||
| SQL | |a stuzp59028 |b DDP |c SLO |d Analýza a meranie správania sa návštevníka v prostredí webovej aplikácie |e 46175 |f Truchan, Peter |g 070200 |h 1871 |i Bieliková, Mária |j 20160614 |k 205 |l 07 |m http://is.stuba.sk/zp/portal_zp.pl?podrobnosti=119339 |n I-IS2 |o 9.2.6. informačné systémy | ||